000 00352pab a2200145 454500
008 180718b1995 xxu||||| |||| 00| 0 eng d
100 _aSabherwal, O.P.
245 _aPessimists hopes belied
_bSAPTA marks a watershed.
260 _c1995
300 _ap.10
362 _a10 May
650 _aInternational trade
773 _aTribune
909 _a28908
999 _c28908
_d28908